000 00578nam a2200229Ia 4500
003 OSt
005 20220928102755.0
006 a|||||r|||| 00| 0
007 ta
008 220927b |||||||| |||| 00| 0 eng d
024 _a62635
037 _cTextual
040 _aSDCL
_cSDCL
_beng
041 _2eng
_aeng
082 _aNQ2,J, K4
100 _aWelch Stuart C
_9400265
245 0 _aArt of Mughal India
260 _aNew York
_b Arno Press
_c1964
300 _a179p
_ccm.
942 _hNQ2,J, K4
_cTEXL
_2CC
999 _c716179
_d716179